Quero uma Mamã-robot (Registo nº 30857)

Detalhes MARC
000 -Etiqueta do registo
Valores 00667nam a2200241 4500
010 ## - Número ISBN
ISBN 9789722415026
021 ## - Número do Depósito Legal
-- PT
Número 251621/06
090 ## -
-- 30857
100 ## - Dados gerais de processamento
Dados gerais 20100126d2007 a 0pory5003 ba
101 ## - Língua de publicação
-- por
-- ita
102 ## - País de publicação
-- PT
105 ## -
-- a z 000fy
200 1# - Titulo e menção de responsabilidade
Título próprio Quero uma Mamã-robot
Primeira menção de responsabilidade Davide Cali
Outras menções de responsabilidade il. Anna-Laura Cantone
-- trad. Manuela Pessoa
210 ## - Publicação
Local de publicação Lisboa
Nome do editor Livros Horizonte
Data de publicação 2007
215 ## - Descrição física 
Paginação / Volumes [28] p.
Dimensões 24 cm.
675 ## - CDU
Notação 087.5
Edição BNL
Língua por
700 #1 - Autor principal (pessoa individual)
Apelido Cali
Nome Davide
ID Autoridade 4591
702 #1 - Autor secundário (pessoa individual)
Apelido Cantone
Nome Anna-Laura
-- 440
702 #1 - Autor secundário (pessoa individual)
Apelido Pessoa
Nome Manuela
-- 730
ID Autoridade 2580
930 ## -
-- BECRE
990 ## - Elementos KOHA
Tipo de documento Livro
995 ## - Localização e informação dos exemplares
-- 18
Exemplares
Situação do levantamento Estado Biblioteca de origem Biblioteca de empréstimo Código de barras Cota Permissão de empréstimo Tipo de documento
  Completo Biblioteca do Centro Escolar de Viana do Alentejo Biblioteca do Centro Escolar de Viana do Alentejo 1521BV 087.5 CAL Disponível Livro




Powered by Koha